| 000 | 00890cad a22002175a 4500 | ||
|---|---|---|---|
| 001 | L151782 | ||
| 008 | 101210s2010 xxk f 000 0 eng d | ||
| 035 | _a(Sirsi) u151782 | ||
| 041 | 0 | _aeng | |
| 050 | 0 | 4 | _a692.8 $2 18 |
| 100 | 1 | _aWilson, Ant | |
| 111 | 2 |
_aConference of the Institution of Civil Engineers _cDuxford _d21 October 2010 |
|
| 245 | 0 | 0 |
_aBuilding Regulations Part L 2010 _h[electronic resource] |
| 260 |
_a[S.l.] _bAECOM _c2010 |
||
| 520 | _aAn in-depth look at the Building Regulations Part L following the 2010 update; a paper presented at the ICE Conference in Duxford on 21 October 2010. | ||
| 590 | _aKA NTK | ||
| 651 | 4 |
_aEngland and Wales _y1543- |
|
| 690 |
_aBuilding regulations _96224 |
||
| 856 | 4 | 0 |
_uhttps://www.ice.org.uk/getattachment/0f287d02-ae33-40da-b2db-579d3adb9504/Ant-Wilson---AECOM.aspx _zView the item free of charge at www.ice.org.uk |
| 942 | _n0 | ||
| 999 |
_c111617 _d111617 |
||